Lord of the Rings: Places by Meaning - Statistics

General Stats
  • This quiz has been taken 87 times
  • The average score is 9 of 14
Answer Stats
Hint Answer % Correct
Black Land Mordor
92%
Land of Horses Rohan
90%
Tower of Guard Minas Tirith
86%
Land of Stone Gondor
75%
Tower of Black Sorcery Minas Morgul
74%
Tower of the Moon Minas Ithil
67%
Burning Mountain Orodruin
67%
The Black Chasm Moria
60%
Mansion of the Dwarves Khazad Dum
58%
Tower of the Sun Minas Anor
58%
Dream-Flower Lothlorien
54%
Hill of the Eye Amon Hen
51%
Iron Citadel Isengard
50%
Mount Fang Orthanc
39%
No matching quizzes found
Score Distribution
Percent of People with Each Score
Percentile by Number Answered
Your Score History
You have not taken this quiz